Online
Catalog

República Dominicana : (Record no. 24917)

MARC details
000 -CABECERA
campo de control de longitud fija 00886nam a2200217 a 4500
001 - NÚMERO DE CONTROL
campo de control 000025425
005 - FECHA Y HORA DE LA ÚLTIMA TRANSACCIÓN
campo de control 20200930023759.0
008 - DATOS DE LONGITUD FIJA--INFORMACIÓN GENERAL
campo de control de longitud fija 110216s1992 dr 000 0 spa d
040 ## - FUENTE DE LA CATALOGACIÓN
Centro catalogador/agencia de origen DO-SdBNP
Lengua de catalogación spa
Centro/agencia transcriptor BNPHU
082 ## - NÚMERO DE LA CLASIFICACIÓN DECIMAL DEWEY
Número de clasificación 332.31
Número de documento/Ítem R426d
245 00 - MENCIÓN DE TÍTULO
Título República Dominicana :
Resto del título mercados financieros rurales y movilizaciones de depósitos /
Mención de responsabilidad, etc. editor Claudio González Viga.
260 ## - PUBLICACIÓN, DISTRIBUCIÓN, ETC.
Lugar de publicación, distribución, etc. Santo Domingo :
Nombre del editor, distribuidor, etc. Programa Servicios Financieros Rurales,
Fecha de publicación, distribución, etc. 1992.
300 ## - DESCRIPCIÓN FÍSICA
Extensión 280 p. ;
Dimensiones 23 cm.
590 ## - NOTA LOCAL (RLIN)
Nota local Inventariado, 2018/MFF
650 #4 - PUNTO DE ACCESO ADICIONAL DE MATERIA--TÉRMINO DE MATERIA
Término de materia o nombre geográfico como elemento de entrada Instituciones financieras
Subdivisión geográfica República Dominicana
9 (RLIN) 6015
650 #4 - PUNTO DE ACCESO ADICIONAL DE MATERIA--TÉRMINO DE MATERIA
Término de materia o nombre geográfico como elemento de entrada Mercado de capitales
Subdivisión geográfica República Dominicana
9 (RLIN) 6292
650 #4 - PUNTO DE ACCESO ADICIONAL DE MATERIA--TÉRMINO DE MATERIA
Término de materia o nombre geográfico como elemento de entrada Distribución del ingreso
Subdivisión geográfica República Dominicana
9 (RLIN) 6293
650 #4 - PUNTO DE ACCESO ADICIONAL DE MATERIA--TÉRMINO DE MATERIA
Término de materia o nombre geográfico como elemento de entrada Crédito agrícola
Subdivisión geográfica República Dominicana
9 (RLIN) 6294
700 1# - PUNTO DE ACCESO ADICIONAL--NOMBRE DE PERSONA
Nombre de persona González Vega, Claudio,
Término indicativo de función/relación ed.
9 (RLIN) 6295
910 ## - DATOS DE OPCIÓN DEL USUARIO (OCLC)
Datos de opción del usuario Validado. Control de calidad EMS
Holdings
Estado de retiro Estado de pérdida Restricciones de uso No para préstamo Código de colección Localización permanente Ubicación/localización actual Ubicación en estantería Fecha de adquisición Número de inventario Total de préstamos Signatura topográfica completa Código de barras Fecha visto por última vez Número de copia Precio válido a partir de Tipo de ítem Koha Nota pública
  Extraviado     Dominicana de Servicio General General Extraviado 16.02.2011 LF1   332.31 R426d 25425-50 25.06.2020 e.4 25.06.2020 Libro y Folleto Colección Dominicana de Servicio  
  Extraviado     Dominicana de Servicio General General Extraviado 16.04.2013 LF1   332.31 R426d 25425-60 25.06.2020 e.5 25.06.2020 Libro y Folleto Colección Dominicana de Servicio  
        Patrimonio Dominicano General General Orden iniciada 25.06.2019 LF1   332.31 R426d 25425-70 25.06.2020   25.06.2020 Libro y Folleto Colección Patrimonio Dominicano  
        Dominicana de Servicio General General Depósito 16.02.2011 LF1   332.31 R426d 25425-30 25.06.2020 e.3 25.06.2020 Libro y Folleto Colección Dominicana de Servicio Perteneció a la biblioteca personal de la familia Reyes Duluc.
      Excluido de préstamo Patrimonio Dominicano Patrimonio Dominicano Patrimonio Dominicano Depósito 16.02.2011 LF1   332.31 R426d 25425-10 25.06.2020   25.06.2020 Libro y Folleto Colección Patrimonio Dominicano  
      Excluido de préstamo Patrimonio Dominicano Patrimonio Dominicano Patrimonio Dominicano Depósito 16.02.2011 LF1   332.31 R426d 25425-20 25.06.2020 e.2 25.06.2020 Libro y Folleto Colección Patrimonio Dominicano  

Powered by Koha